Tres modelos de penetración de empresas transnacionales en Centroamerica /
Guardado en:
| Autor principal: | |
|---|---|
| Formato: | Texto |
| Lenguaje: | Spanish |
| Publicado: |
México D.F.:
UNAM
1980
|
| Etiquetas: |
Agregar Etiqueta
Sin Etiquetas, Sea el primero en etiquetar este registro!
|
MARC
| LEADER | 00000 a a2200000 04500 | ||
|---|---|---|---|
| 001 | 24568 | ||
| 003 | CRAI/IIS | ||
| 005 | 20210609152757.0 | ||
| 008 | 210609e1980 sp|||||| |||| 00| 0 spa d | ||
| 022 | |a sin ISBN | ||
| 040 | |a Centro de Recursos para el Aprendizaje y la Investigación |b Español |c CRAI/IIS | ||
| 090 | |a 17231.00 | ||
| 100 | |a Castillo, Donald | ||
| 245 | |a Tres modelos de penetración de empresas transnacionales en Centroamerica / |c Donald Castillo Rivas | ||
| 260 | |a México D.F.: |b UNAM |c 1980 | ||
| 300 | |a 340 p. |b **no definido** | ||
| 500 | |a Colección Centroamérica | ||
| 650 | 0 | 7 | |0 TESAUROS |
| 852 | 1 | 1 | |a 17231.00 |
| 942 | |2 ddc |c LI |h 17231.00 |6 1723100 | ||
| 999 | |c 9572 |d 9572 | ||
